The Aesthete/ (Record no. 186783)

MARC details
000 -LEADER
fixed length control field 00588nam a22001937a 4500
005 - DATE AND TIME OF LATEST TRANSACTION
control field 20220315123456.0
010 ## - LCCN (DPL NO)
LC control number ENG-131991
020 ## - INTERNATIONAL STANDARD BOOK NUMBER
International Standard Book Number 9788123780436
Terms of availability 125.00
035 ## - SYSTEM CONTROL NUMBER
System control number EN-115523
037 ## - SOURCE OF ACQUISITION
Source of stock number/acquisition DBAD
082 ## - DEWEY DECIMAL CLASSIFICATION NUMBER
Classification number N
100 ## - MAIN ENTRY--PERSONAL NAME
Personal name Sahay,Brijnandan
245 ## - TITLE STATEMENT
Title The Aesthete/
Statement of responsibility, etc Brijnandan Sahay And Translated by Murari Madhusudan Thakur
260 ## - PUBLICATION, DISTRIBUTION, ETC. (IMPRINT)
Place of publication, distribution, etc New Delhi
Name of publisher, distributor, etc National Book Trust
Date of publication, distribution, etc 2017
270 ## - ADDRESS
Address Nehru Bhawan,5 Institutional Area,Phase II
City New Delhi
Postal code 110070
300 ## - PHYSICAL DESCRIPTION
Extent xxvi,139p.
Dimensions 22cm(pbk)
700 ## - ADDED ENTRY--PERSONAL NAME
Personal name Thakur,Murari Madhusudan
942 ## - ADDED ENTRY ELEMENTS (KOHA)
Source of classification or shelving scheme Dewey Decimal Classification
Item type English Books
Classification part N
Call number suffix BRI
Holdings
Withdrawn status Lost status Not for loan Collection code Home library Current library Date acquired Source of acquisition Cost, normal purchase price Full call number Barcode Copy number Cost, replacement price Koha item type
      Non-fiction Central Library Central Library 15/03/2022 DBAD/PUB 125.00 N BRI EN-115523 1 125.00 English Books

© Delhi Public Library
Hit Counter
free hit counter